000 01275cam a2200337 a 4500
001 EDZ0000174383
003 StDuBDS
005 20161031105229.0
006 m||||||||d||||||||
007 cr |||||||||||
008 131121s2012 caua fo| 001|0|eng|d
020 _a9781446288849 (ebook) :
_cNo price
040 _aStDuBDS
_beng
_cStDuBDS
_epn
049 _aAlfaisal Main Library
050 0 _aHV5801
_b.N374 2012
082 0 4 _a362.29153
_223
100 1 _aNelson, Anna.
245 1 0 _aSocial work with substance users
_h[electronic resource] /
_cAnna Nelson.
260 _aLos Angeles :
_bSAGE,
_c2012.
300 _a1 online resource (viii, 205 p.) :
_bill.
504 _aIncludes bibliographical references and index.
520 8 _a'Social Work with Substance Users' helps social workers to develop a rounded and considered approach to their practice with substances misusers.
521 _aSpecialized.
588 _aDescription based on print version record.
650 0 _aSocial work with drug addicts.
655 7 _aElectronic books.
_2local
710 2 _aSage eBooks
776 0 8 _iPrint version :
_z9781848602212
856 4 0 _uhttp://ezproxy.alfaisal.edu/login?url=http://sk.sagepub.com/books/social-work-with-substance-users
942 _2lcc
_cEBOOKS
999 _c482221
_d482221